[Event "Durban USSA op"]
[Site "Durban"]
[Date "2023.12.04"]
[Round "1"]
[White "Schnabel, Johann Emil"]
[Black "Mapeya, Katlego"]
[Result "1-0"]
[WhiteElo "1719"]
[BlackElo "1281"]
[PlyCount "91"]
[EventDate "2023.12.04"]
[EventType "swiss"]
[EventRounds "9"]
[EventCountry "RSA"]
[SourceTitle "CB50_2023"]
[SourceDate "2023.12.13"]
[SourceVersion "1"]
[SourceVersionDate "2023.12.13"]
[SourceQuality "1"]

1. e4 e5 2. Nf3 d6 3. Bc4 Be7 4. 0-0 Nf6 5. d3 0-0 6. Nbd2 a5 7. c3 a4 8. Re1 c6 9. d4 Nbd7 10. Nf1 Qc7 11. Ng3 b5 12. Bd3 Nb6 13. h3 Rb8 14. Nh4 Be6 15. Nhf5 Qd7 16. Bg5 Qd8 17. Qf3 Nc8 18. Nxe7+ Nxe7 19. Bxf6 gxf6 20. Nh5 Ng6 21. Nxf6+ Kg7 22. Nh5+ Kg8 23. Rad1 f6 24. d5 Bd7 25. c4 c5 26. cxb5 Bxb5 27. Bxb5 Rxb5 28. Qe2 Ra5 29. Ng3 Rf7 30. Nf5 Kh8 31. Qd2 Rb5 32. Re3 Qb6 33. b3 axb3 34. axb3 Rxb3 35. Rxb3 Qxb3 36. Nxd6 Rg7 37. Nf5 Rg8 38. Kh2 Nf4 39. g3 Qf3 40. Nh4 Qxe4 41. gxf4 exf4 42. Re1 Qa4 43. d6 f3 44. d7 Qa8 45. Qd6 Qd8 46. Re7 1-0